MDQL
is popping MORE tags! Check the
thread
!
Quizzes
Events
Quiz Creation
Community
Videos
Private Events
Remove Ads
Sign In
Join for FREE
Feedback
Dark Mode
Quiz Categories
Sports
Geography
Music
Movies
Television
Just For Fun
Miscellaneous
History
Literature
Language
Science
Gaming
Entertainment
Religion
Holiday
For Kids
Quiz Lab
Recent
Popular Today
Quiz Kudos Today
Editor Picks
Curator Picks
Quizzes by...
Day
Popularity
Type
Ratings
Length
Year
Community
Subscriptions
Recent Discussions
Orange Saloon
Badges
Playlists
Quests
Create
Leaderboards
Showdown
Live 5
Trivia Bingo
Activity
Puzzle Library
Sporcle Events
Private Events
Virtual Trivia
Globe League
Become a Host
Pub Owners
SporcleCon
Opinionation
Our Games
Videos
Blog
Mobile Apps
Partnerships
Remove Ads and Go Orange
Feedback
Language
Vocabulary
Begins and Ends
Definition
Spanish
French
German
Italian
Chinese
Latin
Translation
Japanese
Language
Vocabulary
Begins and Ends
Definition
Spanish
French
German
Italian
Chinese
Latin
Translation
Japanese
Random Quiz
Search Sporcle
×
Quiz Lab
Quiz Lab
Language
comparison
Type in answers that appear in a list
Type in answers that appear in a list
Classic
Best Score? Go Orange.
Everyday Similes Stats
Can you name the everyday similes?
By
ryanlucas
4m
27 Questions
775 Plays
775 Plays
775 Plays
Comments
Comments
Give Quiz Kudos
Give Quiz Kudos
-
- Ratings
hide this ad
More Info
Random Order
Randomize order of answers
Randomize order of answers
Replay
Link that replays current quiz
Next Quiz
Link to next quiz in quiz playlist
You Got
0%
They Got
Avg Score
56%
Avg Friend Score
Upgrade to see
Score Distribution
Jump to the score distribution portion of the page
Score
0/27
Timer
04:00
0
Plays Today
Sayings
Comparison
% Correct
as busy as a
bee
83.5%
as blind as a
bat
83.2%
as free as a
bird
77.7%
as quiet as a
mouse
77.2%
as cunning as a
fox
76.9%
as cold as
ice
72.9%
as dead as a
doornail
72%
as stubborn as a
mule
67.4%
as cool as a
cucumber
66.5%
as tough as
nails
64.6%
as stiff as a
board
63.9%
as sharp as a
needle
62.3%
as slippery as an
eel
57.9%
as fit as a
fiddle
57.8%
Sayings
Comparison
% Correct
as right as
rain
57.8%
as clean as a
whistle
57%
as mad as a
hatter
56.8%
as pretty as a
picture
51.1%
as white as a
sheet
51%
as good as
gold
49.2%
as plain as
day
43.2%
as pleased as
punch
42.7%
as nutty as a
fruitcake
41.2%
as fat as a
pig
40.6%
as quick as
lightning
34.1%
as dull as
dishwater
17%
as sound as a
bell
11.7%
Quiz Playlist
Details
Report
Send in Message
Add To Playlist
More Info:
Check out my other games at http://www.sporcle.com/user/ryanlucas/contributed
Classic:
Type in answers that appear in a list
Random Order:
Randomize order of answers
Last Updated: Feb 16, 2017
Quiz Scoreboard
CHALLENGE
Sign Up to Join the Scoreboard
Show All
Scores
Hide
Comments
May contain spoilers
Recently Published
Holiday 10x10 Sorting Gallery
by lukepisani3
Holiday
15m
Two Season TV Shows II
by 123Four
Television
10m
Image Sorting: Flags VI
by Barbecue
Geography
2m
More to Explore
Quiz From the Vault
Featured Blog Post
14 Easter Pick-up Lines to Find Eggs With
hide this ad
You Might Also Like...
Tags
comparison
Everyday
Saying
simile
Today's Top Quizzes in Language
Browse Language
hide this ad
Today's Top Quizzes in comparison
Browse comparison
Top Contributed Quizzes in Language
1
What Word Starts All?
2
1-10 Letter F Words III
3
Weisst du, aus welchen Sprachen diese Wörter stammen?
4
1-10 Letter G Words III
5
Guessable Chinese Characters
6
1-10 Letter H Words III
7
Harry Potter book 6 chapters: English & Greek
8
1-10 Letter I Words III
9
Arabic Numerals
10
Begins and Ends With AN
Explore More
Trending Topics
Anime
Marvel
Crossword
NBA
Disney
Kpop
Harry Potter
Country
The Office
Song
WWE
Puzzle
NFL
Soccer
Pokémon
hide this ad
More By:
ryanlucas
Quiz
Plays
Rating
Category
Featured
Created
Everyday Similes
775
4.00
Language
Dec 6, 2009
Best-selling British Newspapers
617
4.25
Literature
Dec 7, 2009
Antonyms
597
2.78
Language
Dec 5, 2009
Sunrise or Sunset?
535
3.50
Miscellaneous
Sep 11, 2011
Top 100 American Newspapers
361
2.29
Literature
Jan 11, 2010
Go to Creator's Profile
Score Distribution
Quiz Creator Spotlight
ryanlucas
Follow
Send a Message
Quizzes Created
-
Created Quiz Play Count
-
More By This Creator
Popular Quizzes Today
1
Find the US States - No Outlines Minefield
2
Colored Red Africa Blitz
3
Find the 'City' Movie
4
The Countries of the World
5
Find the US States
6
5x2 Blitz: Bands
7
Find the Countries of Europe - No Outlines Minefield
8
US States
More Language Quizzes
Multiple Choice: Multilingual Plurals
Editor's Pick
Trending Quizzes
Colored Red Europe Blitz I
Colored Red Europe Blitz II
Colored Red Africa Blitz II
Colored Red Africa Blitz III
Colored Red Europe Blitz III
Recently Updated
Odd Team Out - Big 4 Players
pecheneg
Quick Pick: 20 Twenties
pecheneg
March Madness Men's Triple Doubles
pecheneg
How Do You Spell That?
pecheneg
Godzilla Movies
pecheneg
Grab Bag: 4-10 Letters
pecheneg
2024 March Madness Bracket
pecheneg
Famous TV Couples
Peacemaker
Champions League XIs: Real Madrid
pecheneg
Largest US Cities 1790-2010
pecheneg
Trending Topics
Kpop
Marvel
Disney
Anime
Harry Potter
Crossword
NBA
Song
NFL
Puzzle
Country
The Office
WWE
Pokémon
Soccer
Your Account Isn't Verified!
In order to create a playlist on Sporcle, you need to verify the email address you used during registration. Go to your
Sporcle Settings
to finish the process.
Report this User
Report this user for behavior that violates our
Community Guidelines
.
Details:
Send Report
Go to the Sporcle.com Mobile Site →
Comments